000 01113naa a22003257a 4500
001 BR9400521
003 BR-BrBNA
005 20240918180852.0
007 ta
008 230509b bl.||||| |||| 00| 0 por d
040 _aBR-BrBNA
_bpor
_cBiblioteca Nacional de Agricultura
041 _a(Pt)
072 _aF04; P35
_b0120
_b0430
_b1950
090 _aF04 BR9400521
100 1 _aCoimbra, R. de O.
111 1 _a1. Simposio sobre o Cerrado
_cSao Paulo, SP (Brazil)
_d1962
245 1 _aAgricultura no cerrado
260 3 _aSao Paulo, SP (Brasil):
_bEdgard Blucher,
_c1971.
500 _aFerri, M.G.(Coord.) 1. Simposio sobre o Cerrado Sao Paulo, SP (Brasil): Edgard Blucher, 1971. p. 315-337 (BR9400521-AM)F04
650 _aMilho
650 _aAlgodao
650 _aMucuna Preta
650 _aAdubacao
650 _aNPK
650 _aCalagem
650 _aCerrado
773 0 _t1. Simposio sobre o Cerrado
_aFerri, M.G.(Coord.)- Universidade de Sao Paulo, Sao Paulo (Brasil)
_wF40 BR9400509
_gSao Paulo, SP (Brasil), 1971.
_q376 p.
909 _a202404
_bLucia
_c55
_dLucia Elande
942 _cAM
_2AGRIS
999 _c322395
_d322395